<?xml version="1.0" encoding="UTF-8"?>
<record
    xmlns:xsi="http://www.w3.org/2001/XMLSchema-instance"
    xsi:schemaLocation="http://www.loc.gov/MARC21/slim http://www.loc.gov/standards/marcxml/schema/MARC21slim.xsd"
    xmlns="http://www.loc.gov/MARC21/slim">

  <leader>006230000a22001930004500</leader>
  <controlfield tag="001">021786</controlfield>
  <controlfield tag="005">20240318182925.0</controlfield>
  <controlfield tag="008">100615t        xxu||||| |||| 00| 0 eng d</controlfield>
  <datafield tag="040" ind1=" " ind2=" ">
    <subfield code="c">AAR2</subfield>
    <subfield code="d">ABK</subfield>
  </datafield>
  <datafield tag="082" ind1=" " ind2=" ">
    <subfield code="a">616.9792 </subfield>
    <subfield code="b">UGA</subfield>
  </datafield>
  <datafield tag="100" ind1=" " ind2=" ">
    <subfield code="a">Uganda. Ministry of Health</subfield>
    <subfield code="9">16423</subfield>
  </datafield>
  <datafield tag="245" ind1=" " ind2=" ">
    <subfield code="a">HIV/AIDS surveillance report 2003 /</subfield>
    <subfield code="c">Uganda. Ministry of Health</subfield>
  </datafield>
  <datafield tag="260" ind1=" " ind2=" ">
    <subfield code="a">Kampala : </subfield>
    <subfield code="c">2003</subfield>
    <subfield code="b">Ministry of Health</subfield>
  </datafield>
  <datafield tag="300" ind1=" " ind2=" ">
    <subfield code="a">iii, 37pages : </subfield>
    <subfield code="b">illustations ; </subfield>
    <subfield code="c">30 cm.</subfield>
  </datafield>
  <datafield tag="500" ind1=" " ind2=" ">
    <subfield code="a">Includes bibliographical references</subfield>
  </datafield>
  <datafield tag="650" ind1=" " ind2=" ">
    <subfield code="a">AIDS control </subfield>
    <subfield code="z">Uganda</subfield>
    <subfield code="9">16424</subfield>
  </datafield>
  <datafield tag="650" ind1=" " ind2=" ">
    <subfield code="a">HIV prevention </subfield>
    <subfield code="z">Uganda</subfield>
    <subfield code="9">16425</subfield>
  </datafield>
  <datafield tag="942" ind1=" " ind2=" ">
    <subfield code="c">BOOK</subfield>
    <subfield code="2">ddc</subfield>
  </datafield>
  <datafield tag="999" ind1=" " ind2=" ">
    <subfield code="c">21786</subfield>
    <subfield code="d">21786</subfield>
  </datafield>
  <datafield tag="952" ind1=" " ind2=" ">
    <subfield code="0">0</subfield>
    <subfield code="1">0</subfield>
    <subfield code="2">ddc</subfield>
    <subfield code="4">0</subfield>
    <subfield code="7">0</subfield>
    <subfield code="a">NSA</subfield>
    <subfield code="b">NSA</subfield>
    <subfield code="d">2008-06-20</subfield>
    <subfield code="l">0</subfield>
    <subfield code="o">616.9792 UGA</subfield>
    <subfield code="p">21786</subfield>
    <subfield code="r">2011-04-12 00:00:00</subfield>
    <subfield code="w">2008-06-20</subfield>
    <subfield code="y">BOOK</subfield>
  </datafield>
  <datafield tag="952" ind1=" " ind2=" ">
    <subfield code="0">0</subfield>
    <subfield code="1">0</subfield>
    <subfield code="2">ddc</subfield>
    <subfield code="4">0</subfield>
    <subfield code="7">0</subfield>
    <subfield code="a">NSA</subfield>
    <subfield code="b">NSA</subfield>
    <subfield code="d">2010-06-15</subfield>
    <subfield code="l">0</subfield>
    <subfield code="o">616.9792 UGA</subfield>
    <subfield code="p">21785</subfield>
    <subfield code="r">2013-01-31 00:00:00</subfield>
    <subfield code="w">2010-06-15</subfield>
    <subfield code="y">BOOK</subfield>
  </datafield>
  <datafield tag="952" ind1=" " ind2=" ">
    <subfield code="0">0</subfield>
    <subfield code="1">0</subfield>
    <subfield code="2">ddc</subfield>
    <subfield code="4">0</subfield>
    <subfield code="7">0</subfield>
    <subfield code="a">NSA</subfield>
    <subfield code="b">NSA</subfield>
    <subfield code="d">2010-06-15</subfield>
    <subfield code="l">0</subfield>
    <subfield code="o">616.9792 UGA</subfield>
    <subfield code="p">21784</subfield>
    <subfield code="r">2013-01-28 00:00:00</subfield>
    <subfield code="w">2010-06-15</subfield>
    <subfield code="y">BOOK</subfield>
  </datafield>
</record>
